Operating System Logos and Mascots - Statistics

General Stats
  • This quiz has been taken 585 times
  • The average score is 8 of 15
Answer Stats
Picture Answer % Correct
Windows
94%
Android
93%
Chrome OS
91%
Firefox OS
90%
iOS
90%
Linux
84%
MS-DOS
78%
Ubuntu
58%
OS/2
43%
macOS
42%
OpenBSD
15%
FreeBSD
14%
NeXTSTEP
14%
AmigaOS
10%
FreeDOS
9%
No matching quizzes found
Score Distribution
Percent of People with Each Score
Percentile by Number Answered
Your Score History
You have not taken this quiz